| 000 | 00857cam a2200253 a 4500 | ||
|---|---|---|---|
| 001 | 15986938 | ||
| 005 | 20180202080858.0 | ||
| 008 | 091117s2010 nyua 001 0 eng | ||
| 010 | _a 2009048730 | ||
| 020 | _a9780735588516 (pbk.) | ||
| 020 | _a0735588511 (pbk.) | ||
| 035 | _a(OCoLC)ocn467927731 | ||
| 040 |
_aDLC _cDLC _dYDX _dYDXCP _dDLC |
||
| 041 | _aeng | ||
| 043 | _an-us--- | ||
| 080 | _a346.73078 | ||
| 082 | 0 | 0 |
_a346.73078 BLU _222 |
| 100 | 1 | _a14 | |
| 101 | _aSHJ | ||
| 245 | 1 | 0 |
_aBankruptcy and debtor/creditor : _cBrian A. Blum. |
| 906 |
_a7 _bcbc _corignew _d1 _eecip _f20 _gy-gencatlg |
||
| 942 |
_2ddc _cBK |
||
| 999 |
_c41676 _d41676 |
||